| 000 | 00546nam a22001577a 4500 | ||
|---|---|---|---|
| 082 |
_a681.76 _bCON |
||
| 100 |
_aConstruction machinery training institute _945091 |
||
| 245 |
_aUses of Construction machinery _bکنسٹرکشن مشینری کا استعمال |
||
| 260 |
_aIslamabad. _bConstruction machinery training institute |
||
| 300 |
_a164 p. _billus. |
||
| 526 |
_a0 _b0 _c0 _d681_760000000000000_CON |
||
| 526 |
_a0 _b0 _c0 _d681_760000000000000_CON |
||
| 526 |
_a0 _b0 _c0 _d681_760000000000000_CON |
||
| 650 |
_aMCE _9379 |
||
| 942 |
_2ddc _cBK |
||
| 999 |
_c548690 _d548690 |
||